000 00809nam a2200229 i 4500
001 133980
003 ES-MaACL
005 20250902220829.0
007 t|
008 070904s1963 sp ||||1| spa d
080 _a624.0(075.8)
100 1 _aWang, Chu-kia.
_9116043
245 1 0 _aTeoría elemental de estructuras /
_cChu-kia Wang..., Clarence Lewis Eckel... ; traducido por Gregorio Escribano Tejedor... ; revisado por Pedro Giménez Montoya...
260 _aMadrid :
_bCastillo,
_c1963.
300 _aX, 429 p. :
_bil. ;
_c23 cm.
650 7 _aEstructuras (Construcción)
_2embne
_9136283
700 1 _aEckel, Clarence Lewis.
_946600
700 1 _aEscribano Tejedor, Gregorio.
_947642
700 1 _aJiménez Montoya, P.
_966567
852 _aES-MaACL
_jC-24599
_bR.53431
999 _c133980
_d133980